[Event "Druzynowe Mistrzostwa Polski Juniorow - I Liga 2018"]
[Site "Kudowa-Zdroj"]
[Date "1899-12-30"]
[Round "5.29"]
[White "Karlyk, Maria"]
[Black "Tarka, Aleksandra"]
[Result "1/2-1/2"]
[WhiteTitle "I"]
[BlackTitle "I++"]
[WhiteElo "1726"]
[BlackElo "1679"]

1. e4 c5 2. b3 b6 3. Bb2 Bb7 4. d3 e6 5. Nd2 Nc6 6. g3 Nf6 7. Bg2 Be7 8. f4 O-O
9. Nh3 d5 10. O-O dxe4 11. dxe4 Nd4 12. c3 Nc6 13. Qe2 Qc7 14. g4 Rfd8 15. g5
Ne8 16. Rf3 Rd7 17. Rg3 g6 18. Re1 Rad8 19. Nf1 Ng7 20. Bf3 Rd3 21. Nf2 R3d7 22.
Bc1 a6 23. h4 b5 24. Be3 b4 25. c4 Nd4 26. Bxd4 Rxd4 27. Nh3 Bc6 28. Rg2 Qb7 29.
Rg3 Bd6 30. Qe3 Bc7 31. Nf2 Qb8 32. Rg4 Qb7 33. Rd1 Rxd1 34. Nxd1 Rd4 35. Nf2
a5 36. Ng3 Qb8 37. Ne2 Rd8 38. Qxc5 Qb7 39. Nd4 Be8 40. e5 Qb6 41. Qxb6 Bxb6 42.
Ne2 Rd2 43. Kf1 Rxa2 44. Ne4 Nf5 45. Ke1 Ne3 46. c5 Bxc5 47. Nxc5 Nxg4 48. Bxg4
Rc2 49. Ne4 Bc6 50. Nf6+ Kg7 51. h5 gxh5 52. Nxh5+ Kg6 53. Kd1 Rb2 54. Nd4 Be4
55. Ng3 Rb1+ 56. Ke2 Bd5 57. Bh5+ Kg7 58. f5 Bxb3 59. f6+ Kf8 60. Ne4 Rh1 61.
Nxb3 Rxh5 62. Nxa5 Rh3 63. Kd2 1/2-1/2

[Event "Druzynowe Mistrzostwa Polski Juniorow - I Liga 2018"]
[Site "Kudowa-Zdroj"]
[Date "1899-12-30"]
[Round "5.30"]
[White "Rejniak, Zuzanna"]
[Black "Mytnik, Kinga"]
[Result "1-0"]
[WhiteTitle "I++"]
[BlackTitle "I"]
[WhiteElo "1559"]
[BlackElo "1446"]

1. e4 e5 2. Bc4 Nf6 3. d3 d6 4. c3 Be7 5. Nf3 c6 6. Nbd2 b5 7. Bb3 Nbd7 8. O-O
h6 9. d4 Qc7 10. Qe2 a6 11. Nh4 g6 12. f4 c5 13. Nhf3 c4 14. fxe5 dxe5 15. Bc2
Bb7 16. dxe5 Nxe5 17. Nxe5 Qxe5 18. Nf3 Qe6 19. e5 Nd7 20. Be4 Bc5+ 21. Kh1 Bxe4
22. Qxe4 Rd8 23. Bf4 f5 24. Qe1 g5 25. Be3 Bxe3 26. Qxe3 f4 27. Qe2 Rg8 28. Nd4
Qg6 29. e6 Nc5 30. Qe5 Ne4 31. Qc7 Rg7 32. Qc6+ Kf8 33. Rae1 h5 34. Qxe4 1-0

[Event "Druzynowe Mistrzostwa Polski Juniorow - I Liga 2018"]
[Site "Kudowa-Zdroj"]
[Date "1899-12-30"]
[Round "6.1"]
[White "Grela, Kacper"]
[Black "Fus, Jakub"]
[Result "0-1"]
[WhiteTitle "FM"]
[BlackTitle "k"]
[WhiteElo "2320"]
[BlackElo "2195"]

1. d4 Nf6 2. c4 e6 3. Nc3 Bb4 4. e3 O-O 5. a3 Bxc3+ 6. bxc3 c5 7. Bd3 Nc6 8. Ne2
b6 9. O-O Ba6 10. e4 Ne8 11. f4 f5 12. dxc5 bxc5 13. Ng3 g6 14. Qe2 Na5 15. Rd1
Rf7 16. Be3 Qc7 17. e5 d6 18. exd6 Nxd6 19. Bf2 Re8 20. Qe5 Ndxc4 21. Qxc7 Rxc7
22. Nf1 Bb7 23. Rab1 Bd5 24. Rb5 Rec8 25. Ne3 a6 26. Rbb1 Nxe3 27. Bxe3 Bc4 28.
Bxc4 Nxc4 29. Bf2 Kf7 30. a4 Ke8 31. Kf1 Rd7 32. Ke2 Rxd1 33. Rxd1 Rc7 34. Rb1
Kd7 35. Rb8 Kc6 36. Ra8 Kb6 37. Re8 Ka5 38. Rxe6 Kxa4 39. Rxa6+ Kb3 40. Kd3 Nb2+
41. Kd2 Rd7+ 42. Ke2 Na4 43. Rxa4 Kxa4 44. Bxc5 Kb5 45. Bd4 Kc4 46. Ke3 Re7+ 47.
Kf3 Kd3 48. Bf6 Re3+ 49. Kf2 Re6 50. Bd4 Ke4 51. Kg3 Ra6 52. h4 Ra2 53. Be5 Rd2
54. Kh3 h5 55. Kg3 Ke3 56. Bf6 Ke2 57. Be7 Rd3+ 58. Kh2 Rxc3 59. Bf6 Rd3 60. Be5
Kf1 0-1

[Event "Druzynowe Mistrzostwa Polski Juniorow - I Liga 2018"]
[Site "Kudowa-Zdroj"]
[Date "1899-12-30"]
[Round "6.2"]
[White "Jarzebowski, Kacper"]
[Black "Karykowska, Anna"]
[Result "1/2-1/2"]
[WhiteTitle "I++"]
[BlackTitle "k"]
[WhiteElo "1969"]
[BlackElo "1869"]

1. e4 c5 2. Nf3 a6 3. c4 Nc6 4. d4 cxd4 5. Nxd4 e5 6. Nc2 Nf6 7. Nc3 Bc5 8. Be2
O-O 9. O-O h6 10. Be3 Bxe3 11. Nxe3 d6 12. Qd3 Be6 13. Rfd1 Nd4 14. b3 Qa5 15.
Bf1 Rac8 16. Ne2 Nxe2+ 17. Bxe2 Rfd8 18. a3 b5 19. cxb5 Qxb5 20. Qxb5 axb5 21.
Nd5 Bxd5 22. exd5 Rc5 23. b4 Rxd5 24. Rxd5 Nxd5 25. Bxb5 Nc3 26. Bc6 d5 27. Kf1
d4 28. Ke1 Kf8 29. a4 Ke7 30. a5 Kd6 31. Bb7 Kc7 32. a6 Kb6 33. Ra5 d3 34. Kd2
Nb1+ 35. Kd1 Nc3+ 36. Kd2 Nb1+ 37. Kd1 d2 38. Rc5 1/2-1/2

[Event "Druzynowe Mistrzostwa Polski Juniorow - I Liga 2018"]
[Site "Kudowa-Zdroj"]
[Date "1899-12-30"]
[Round "6.3"]
[White "Kejna, Piotr"]
[Black "Jedrusik, Adam"]
[Result "0-1"]
[WhiteTitle "CM"]
[BlackTitle "I"]
[WhiteElo "1505"]
[BlackElo "1518"]

1. e4 c6 2. d4 d5 3. Nc3 dxe4 4. Nxe4 Bf5 5. Ng3 Bg6 6. Nf3 Nd7 7. h4 h6 8. Bc4
Ngf6 9. c3 e6 10. h5 Bh7 11. Qe2 Nd5 12. O-O N7f6 13. Re1 Bd6 14. Ne5 O-O 15.
Bb3 c5 16. Be3 Nxe3 17. Qxe3 cxd4 18. Qxd4 Bxe5 19. Qxe5 Qb6 20. Qe3 Qxe3 21.
Rxe3 Rfd8 22. Rd1 Rxd1+ 23. Bxd1 Rd8 24. Bf3 b6 25. Re1 Kf8 26. Rd1 Rxd1+ 27.
Bxd1 Ke7 28. Kf1 e5 29. Ke2 Ne8 30. c4 Nd6 31. b3 f5 32. Bc2 Kf6 33. f3 Bg8 34.
Nf1 Be6 35. Ne3 Kg5 36. Nd5 Bxd5 37. cxd5 Kxh5 38. Kf2 Kg5 39. b4 Kf6 40. a4 g5
41. g4 f4 42. Bd3 Ke7 43. Ke2 Ne8 44. Be4 Kd6 45. Kd3 Nf6 46. Kc4 a6 47. a5 b5+
48. Kc3 Nxd5+ 49. Kb3 Ke6 50. Bf5+ Kf6 51. Bc8 Nc7 52. Kc3 e4 53. fxe4 Ke5 54.
Kd3 f3 55. Bf5 Kf4 56. e5 Kxe5 57. Ke3 Nd5+ 58. Kxf3 Nxb4 59. Bc8 Nc6 60. Bxa6
b4 61. Ke3 Nxa5 62. Kd3 Nc6 63. Kc4 Kf4 64. Bc8 Ne5+ 65. Kxb4 Nxg4 66. Kc3 Nf2
67. Kd2 Kg3 68. Ke2 h5 69. Kf1 h4 70. Bb7 h3 71. Ke2 h2 0-1

[Event "Druzynowe Mistrzostwa Polski Juniorow - I Liga 2018"]
[Site "Kudowa-Zdroj"]
[Date "1899-12-30"]
[Round "6.4"]
[White "Janeczko, Jakub"]
[Black "Eigner, Jerzy"]
[Result "1-0"]
[WhiteTitle "II+"]
[BlackTitle "II+"]
[WhiteElo "1351"]
[BlackElo "1352"]

1. e4 c5 2. Nf3 e6 3. d4 cxd4 4. Nxd4 Bc5 5. Nb3 Bb6 6. Nc3 Ne7 7. Bd3 O-O 8. O-O
f5 9. exf5 Nxf5 10. Qe2 d5 11. a3 Nc6 12. Na4 e5 13. Nxb6 Qxb6 14. Be3 Nxe3 15.
fxe3 Be6 16. Kh1 e4 17. Bb5 Ne5 18. a4 Ng4 19. h3 Nxe3 20. Rxf8+ Rxf8 21. a5 Qc7
22. Qxe3 a6 23. Nd4 Qc5 24. Be2 Bd7 25. c3 h6 26. Kg1 Qc7 27. Bd1 Bc8 28. Bb3
Rd8 29. Ne2 Be6 30. Nd4 Bc8 31. Ne2 Be6 32. Ng3 Bf7 33. Nf5 Be6 34. Nd4 Bc8 35.
Qxe4 Qc5 36. Qg6 Kh8 37. Bc2 Kg8 38. Rf1 1-0

[Event "Druzynowe Mistrzostwa Polski Juniorow - I Liga 2018"]
[Site "Kudowa-Zdroj"]
[Date "1899-12-30"]
[Round "6.5"]
[White "Lascar, Maria Elena"]
[Black "Tarka, Aleksandra"]
[Result "1/2-1/2"]
[WhiteTitle "I+"]
[BlackTitle "I++"]
[WhiteElo "1604"]
[BlackElo "1679"]

1. e4 c5 2. Nf3 Nc6 3. d4 cxd4 4. Nxd4 Nf6 5. Nc3 e5 6. Ndb5 d6 7. Bg5 a6 8. Na3
Be6 9. Nd5 Bxd5 10. Qxd5 Qb6 11. Bxf6 Qxb2 12. Rb1 Qxa3 13. Bg5 Qc3+ 14. Bd2 Qxc2
15. Rxb7 Be7 16. Bd3 Qc5 17. Qxc5 dxc5 18. Rb6 Kd7 19. Rxa6 Rxa6 20. Bxa6 Rb8
21. O-O Rb2 22. Rd1 Rxa2 23. Bc4 Ra4 24. Bxf7 Rxe4 25. Bh6+ Rd4 26. Rxd4+ exd4
27. Bxg7 d3 28. Kf1 Kd6 29. Bc4 Nb4 30. f4 Bd8 31. f5 Nd5 32. Bxd3 Bf6 33. Bh6
Ke5 34. g4 Kd4 35. Ke2 c4 36. Bc2 Nb4 37. Be3+ Kd5 38. Ba4 c3 39. g5 Bd8 40. Bb3+
Ke5 41. f6 c2 42. h4 Kf5 43. f7 Be7 44. h5 Bf8 45. Bc1 Nc6 46. Bxc2+ Kg4 47. Be4
Ne5 48. g6 hxg6 49. hxg6 Kh5 50. g7 Bxg7 51. Bb2 Nxf7 52. Bxg7 Nd6 53. Bd3 1/2-1/2

[Event "Druzynowe Mistrzostwa Polski Juniorow - I Liga 2018"]
[Site "Kudowa-Zdroj"]
[Date "1899-12-30"]
[Round "6.6"]
[White "Rejniak, Zuzanna"]
[Black "Szachniewicz, Weronika"]
[Result "1-0"]
[WhiteTitle "I++"]
[BlackTitle "II+"]
[WhiteElo "1559"]
[BlackElo "1057"]

1. e4 c5 2. Nf3 e6 3. g3 Nc6 4. Bg2 d5 5. exd5 exd5 6. d4 c4 7. O-O Nf6 8. Nc3
Be7 9. Ne5 O-O 10. Bf4 Be6 11. Nb5 Qb6 12. Nxc6 Qxc6 13. Nc7 Rac8 14. Nxe6 Qxe6
15. Re1 Qd7 16. Qd2 Rfe8 17. Re2 Rcd8 18. Rae1 Bd6 19. Rxe8+ Rxe8 20. Rxe8+ Nxe8
21. Bxd6 Qxd6 22. Qa5 a6 23. Qxd5 Qxd5 24. Bxd5 b5 25. Kg2 Kf8 26. Kf3 Ke7 27.
c3 f6 28. Bb7 a5 29. Bc6 Nc7 30. a4 b4 31. Ke4 Kd6 32. Bb7 g6 33. g4 h6 34. f4
bxc3 35. bxc3 g5 36. f5 Ke7 37. Bd5 Kd6 38. Bxc4 Kc6 39. Be6 Kd6 40. c4 Kc6 41.
Bd5+ Kd6 42. c5+ Kd7 43. Bb7 Ke7 44. d5 Kd7 45. d6 Ne8 1-0

[Event "Druzynowe Mistrzostwa Polski Juniorow - I Liga 2018"]
[Site "Kudowa-Zdroj"]
[Date "1899-12-30"]
[Round "6.7"]
[White "Raczynski, Krzysztof"]
[Black "Woloch, Oskar"]
[Result "1-0"]
[WhiteTitle "k+"]
[BlackTitle "k"]
[WhiteElo "2096"]
[BlackElo "2137"]

1. e4 e5 2. Nf3 Nc6 3. Bb5 a6 4. Ba4 Nf6 5. Qe2 b5 6. Bb3 Be7 7. c3 d6 8. O-O O-O
9. Rd1 Na5 10. Bc2 c5 11. d4 Qc7 12. d5 c4 13. b4 cxb3 14. axb3 Bg4 15. Bd2 Nb7
16. b4 Nd7 17. h3 Bxf3 18. Qxf3 Nb6 19. Na3 Rfc8 20. Rdc1 Nc4 21. Nxc4 bxc4 22.
Ra3 a5 23. Rca1 h6 24. Ba4 Nd8 25. Bb5 Nb7 26. Bc6 Bd8 27. Qe2 f5 28. exf5 Qf7
29. Qxc4 Qxf5 30. Qg4 Qxg4 31. hxg4 Rab8 32. bxa5 Nxa5 33. Rxa5 Bxa5 34. Rxa5
Rb1+ 35. Kh2 Rc1 1-0

[Event "Druzynowe Mistrzostwa Polski Juniorow - I Liga 2018"]
[Site "Kudowa-Zdroj"]
[Date "1899-12-30"]
[Round "6.8"]
[White "Lambrecht, Tomasz"]
[Black "Butyrowski, Marcel"]
[Result "0-1"]
[WhiteTitle "II"]
[BlackTitle "I+"]
[WhiteElo "1544"]
[BlackElo "1725"]

1. e4 c5 2. Nf3 Nc6 3. d4 cxd4 4. Nxd4 g6 5. Nc3 Bg7 6. Be3 Nf6 7. Bc4 O-O 8. Bb3
a5 9. f3 d5 10. Nxc6 bxc6 11. exd5 cxd5 12. Nxd5 Nxd5 13. Bxd5 Rb8 14. Rb1 Rxb2
15. Rxb2 Bxb2 16. Qd3 e6 17. Bc4 Qh4+ 18. Bf2 Qf6 19. O-O Rd8 20. Qe4 e5 21. Rb1
Bf5 22. Qe2 Bc3 23. Rd1 Rb8 24. Bb3 Qc6 25. g4 Be6 26. Qd3 Bb4 27. h3 Be7 28.
Qe2 f6 29. Bg3 a4 30. Bxe6+ Qxe6 31. f4 Bc5+ 32. Kh2 Qxa2 33. fxe5 fxe5 34. Rd2
Qe6 35. c4 a3 36. Bxe5 Re8 37. Rd5 Bd6 38. Rxd6 Qxd6 39. Bxd6 Rxe2+ 0-1

[Event "Druzynowe Mistrzostwa Polski Juniorow - I Liga 2018"]
[Site "Kudowa-Zdroj"]
[Date "1899-12-30"]
[Round "6.9"]
[White "Wojdak, Jan"]
[Black "Gorkiewicz, Mateusz"]
[Result "1/2-1/2"]
[WhiteTitle "I"]
[BlackTitle "I"]
[WhiteElo "1754"]
[BlackElo "1870"]

1. e4 e5 2. Nf3 Nc6 3. Bb5 a6 4. Ba4 Nf6 5. O-O b5 6. Bb3 Be7 7. Re1 d6 8. c3 O-O
9. h3 Na5 10. Bc2 c5 11. d4 Nd7 12. Nbd2 exd4 13. cxd4 Nc6 14. Nf1 cxd4 15. Nxd4
Nxd4 16. Qxd4 Ne5 17. Rd1 Be6 18. f4 Nc6 19. Qe3 Qc7 20. Bd2 Rac8 21. Rdc1 Qb8
22. Ng3 Bf6 23. Bc3 Bxc3 24. bxc3 Qa7 25. Qxa7 Nxa7 26. Bb3 Rc7 27. Ne2 Rfc8 28.
Nd4 Bd7 29. Ne2 Bc6 30. Rd1 Bxe4 31. Rxd6 a5 32. Rad1 Kf8 33. Ng3 Bc6 34. Nf5
Re8 35. Nd4 Be4 36. Re1 a4 37. Bd5 Bxd5 38. Rxe8+ Kxe8 39. Rxd5 Rxc3 40. Nxb5
Nxb5 41. Rxb5 Rc2 42. a3 Rc3 43. Rb8+ Ke7 44. Rb7+ Ke6 45. Rb6+ Kf5 46. Rb5+ Kg6
47. Kh2 Rxa3 48. Ra5 h6 49. Ra6+ Kf5 50. Ra7 Kg6 51. Ra6+ f6 52. Ra7 h5 53. h4
Kf5 54. Rxg7 Kxf4 55. Rg6 f5 56. Rg5 Rb3 57. Rxh5 Rb5 58. Rh8 Ra5 59. Rb8 a3 60.
Rb4+ Ke5 61. Rb1 a2 62. Ra1 f4 63. g3 fxg3+ 64. Kxg3 Kd4 65. Kg4 Kc3 66. h5 Kb2
67. Rxa2+ Rxa2 68. h6 Kc3 69. Kg5 Kd4 70. h7 Ra8 71. Kg6 Ke5 72. Kg7 Ra7+ 73.
Kg8 1/2-1/2

[Event "Druzynowe Mistrzostwa Polski Juniorow - I Liga 2018"]
[Site "Kudowa-Zdroj"]
[Date "1899-12-30"]
[Round "6.10"]
[White "Musin, Pawel"]
[Black "Lewandowski, Witold"]
[Result "1/2-1/2"]
[WhiteTitle "II"]
[BlackTitle "II+"]
[WhiteElo "1202"]
[BlackElo "1444"]

1. e4 c5 2. Nf3 Nc6 3. Nc3 g6 4. d4 cxd4 5. Nxd4 Bg7 6. Nb3 Nf6 7. Bd3 O-O 8. O-O
d5 9. Re1 dxe4 10. Nxe4 Nxe4 11. Bxe4 Qc7 12. c3 Rd8 13. Qe2 Be6 14. Be3 Bd5 15.
Bxd5 Rxd5 16. Rad1 Rad8 17. g3 b6 18. Rxd5 Rxd5 19. Rd1 Qd7 20. Rxd5 Qxd5 21.
Qd2 Qxd2 22. Bxd2 Ne5 23. Nd4 Nc4 24. Bc1 Bxd4 25. cxd4 f5 26. f4 Kf7 27. b3 Nd6
28. Bb2 Ke6 29. Kf2 Kd5 30. Ke3 a5 31. Ba3 b5 32. Bxd6 exd6 33. Kd3 b4 34. h3
h5 35. h4 Kc6 36. Ke3 Kb5 37. Kd3 d5 38. Kc2 a4 39. Kd3 1/2-1/2

[Event "Druzynowe Mistrzostwa Polski Juniorow - I Liga 2018"]
[Site "Kudowa-Zdroj"]
[Date "1899-12-30"]
[Round "6.11"]
[White "Szelag, Zuzanna"]
[Black "Karlyk, Maria"]
[Result "1/2-1/2"]
[WhiteTitle "I++"]
[BlackTitle "I"]
[WhiteElo "1767"]
[BlackElo "1726"]

1. e4 c5 2. Nf3 Nc6 3. d4 cxd4 4. Nxd4 Nf6 5. Nc3 d6 6. Bc4 e5 7. Nf3 Be7 8. Bg5
Be6 9. Bxe6 fxe6 10. Qe2 O-O 11. O-O a6 12. a4 Qe8 13. Rad1 Rc8 14. Rfe1 Qg6 15.
Qd2 h6 16. Bxf6 Rxf6 17. Re3 Rcf8 18. Qe2 Rf4 19. Kh1 Nd4 20. Qd3 Nxf3 21. Rxf3
Rxf3 22. gxf3 Qf6 23. Kg2 Qg5+ 24. Kh1 Qf6 25. Kg2 Qg5+ 26. Kh1 Qf6 1/2-1/2

[Event "Druzynowe Mistrzostwa Polski Juniorow - I Liga 2018"]
[Site "Kudowa-Zdroj"]
[Date "1899-12-30"]
[Round "6.12"]
[White "Mytnik, Kinga"]
[Black "Nowak, Roksana"]
[Result "1-0"]
[WhiteTitle "I"]
[BlackTitle "I"]
[WhiteElo "1446"]
[BlackElo "1372"]

1. e4 e5 2. Nf3 Nf6 3. d3 d6 4. Be2 Be7 5. Nbd2 O-O 6. Nf1 h6 7. h3 Nc6 8. c3 d5
9. Qc2 dxe4 10. dxe4 Be6 11. g4 Nh7 12. Ng3 Qd7 13. Bb5 Bf6 14. Be2 Rad8 15. Be3
Qc8 16. Qc1 g5 17. Nf5 Bxf5 18. gxf5 Bg7 19. Rg1 Kh8 20. b4 a6 21. Bc4 b5 22.
Bd5 Ne7 23. Bc5 Rd7 24. a4 c6 25. Bb3 Qd8 26. Qc2 Kg8 27. Ke2 Qc7 28. axb5 axb5
29. Ra7 Qc8 30. Rga1 Re8 31. Rxd7 Qxd7 32. Ra7 Qd8 33. Qa2 Kh8 34. Bxf7 Bf6 35.
Bxe8 Qxe8 36. Ra8 Nc8 37. Qa6 Qd7 38. Rxc8+ Kg7 39. Rxc6 Qf7 40. Bd6 h5 41. Rc7
1-0

[Event "Druzynowe Mistrzostwa Polski Juniorow - I Liga 2018"]
[Site "Kudowa-Zdroj"]
[Date "1899-12-30"]
[Round "6.13"]
[White "Janik, Igor"]
[Black "Brozyna, Mateusz"]
[Result "1-0"]
[WhiteTitle "IM"]
[BlackTitle "k"]
[WhiteElo "2420"]
[BlackElo "2098"]

1. e4 e5 2. Nf3 Nf6 3. Nc3 Nc6 4. Bb5 Bd6 5. d3 h6 6. Ne2 O-O 7. c3 Re8 8. Ng3
a6 9. Ba4 Bf8 10. O-O b5 11. Bb3 d6 12. Nh4 Na5 13. Nhf5 Nxb3 14. axb3 Kh7 15.
f4 g6 16. Ne3 exf4 17. Rxf4 Bg7 18. c4 Bb7 19. Bd2 c5 20. Ba5 Qd7 21. Qf3 b4 22.
Rxf6 Bxf6 23. Qxf6 Qe6 24. Rf1 Re7 25. Ne2 Qxf6 26. Rxf6 Rd7 27. Nf4 Kg7 28. Nfd5
Bxd5 29. Nxd5 Re8 30. Rf1 Re6 31. g4 f6 32. Kg2 g5 33. Ra1 1-0

[Event "Druzynowe Mistrzostwa Polski Juniorow - I Liga 2018"]
[Site "Kudowa-Zdroj"]
[Date "1899-12-30"]
[Round "6.14"]
[White "Pietrzak, Tomasz"]
[Black "Czechowski, Jakub"]
[Result "0-1"]
[WhiteTitle "II"]
[BlackTitle "I"]
[WhiteElo "1617"]
[BlackElo "1880"]

1. d4 Nf6 2. c4 g6 3. Nc3 Bg7 4. e4 d6 5. Nf3 O-O 6. Be2 e5 7. O-O Nc6 8. d5 Ne7
9. a4 Nh5 10. a5 Nf4 11. Ne1 Nxe2+ 12. Qxe2 f5 13. f3 f4 14. Nd3 g5 15. b4 Ng6
16. Nf2 h5 17. c5 Nh4 18. h3 Qf6 19. Ba3 Qg6 20. Rac1 g4 21. hxg4 hxg4 22. Nxg4
Bxg4 23. fxg4 f3 24. gxf3 Nxf3+ 25. Rxf3 Qxg4+ 26. Kf2 Rxf3+ 27. Qxf3 Rf8 28.
Qxf8+ Kxf8 29. Rf1 Ke7 30. b5 Bh6 31. b6 axb6 32. cxd6+ cxd6 33. Nb5 Qf4+ 34.
Kg2 Qxe4+ 35. Kf2 Be3+ 36. Kg3 Bf4+ 37. Kf2 Qe3+ 38. Kg2 Qg3+ 0-1

[Event "Druzynowe Mistrzostwa Polski Juniorow - I Liga 2018"]
[Site "Kudowa-Zdroj"]
[Date "1899-12-30"]
[Round "6.15"]
[White "Dzida, Kamil"]
[Black "Suder, Jakub"]
[Result "0-1"]
[WhiteTitle "I++"]
[BlackTitle "I+"]
[WhiteElo "1854"]
[BlackElo "1837"]

1. e4 c5 2. Nf3 e6 3. d4 cxd4 4. Nxd4 a6 5. Bd3 Nf6 6. O-O d6 7. c4 Qc7 8. Nc3
g6 9. Be3 Bg7 10. Rc1 O-O 11. f4 b6 12. b4 Bb7 13. Nb3 Nbd7 14. Qe2 Rfe8 15. h3
Rac8 16. Qf2 Qb8 17. Nd2 Qa8 18. a4 d5 19. e5 Ne4 20. Bxe4 dxe4 21. Rfd1 Red8
22. Bxb6 Nxb6 23. Qxb6 Rd3 24. Nb3 Rc6 25. Qa5 Bf8 26. c5 Rc8 27. Kh2 Bh6 28.
g3 g5 29. Rxd3 exd3 30. Rd1 gxf4 31. Rxd3 Bh1 32. c6 Qxc6 33. Rd8+ Kg7 0-1

[Event "Druzynowe Mistrzostwa Polski Juniorow - I Liga 2018"]
[Site "Kudowa-Zdroj"]
[Date "1899-12-30"]
[Round "6.16"]
[White "Dziewonski, Dariusz"]
[Black "Koziorowicz, Michal"]
[Result "0-1"]
[WhiteTitle "I"]
[BlackTitle "I"]
[WhiteElo "1733"]
[BlackElo "1692"]

1. e4 c5 2. Nf3 d6 3. d4 cxd4 4. Nxd4 Nf6 5. Nc3 g6 6. Be3 Bg7 7. f3 O-O 8. Qd2
Nc6 9. O-O-O d5 10. Kb1 Nxd4 11. e5 Nf5 12. exf6 exf6 13. Bc5 d4 14. Bxf8 Qxf8
15. Nb5 Ne3 16. Re1 f5 17. Nxd4 f4 18. Rxe3 fxe3 19. Qxe3 Bd7 20. Bd3 Re8 21.
Be4 Qc5 22. Nf5 Qxe3 23. Nxe3 f5 24. Bd5+ Kf8 25. Nd1 Re2 26. f4 Bc6 27. Bxc6
bxc6 28. g3 Bd4 29. Nc3 Rg2 30. a4 a5 31. Na2 c5 32. c3 Bg1 33. b4 cxb4 34. cxb4
Bd4 35. Rd1 Bg7 36. Rd8+ Ke7 37. Rg8 Kf7 38. Rxg7+ Kxg7 39. bxa5 Rxh2 40. Nc3
Rd2 41. Nb5 Rd8 42. a6 Ra8 43. a7 h5 44. Kc2 g5 45. Kd3 Kf6 46. a5 gxf4 47. gxf4
h4 48. Ke3 h3 49. Kf2 Rg8 50. Nd6 h2 51. a8=Q Rxa8 52. Kg2 Rxa5 53. Kxh2 Rc5 54.
Kg3 Ke7 55. Nb7 Rb5 0-1

[Event "Druzynowe Mistrzostwa Polski Juniorow - I Liga 2018"]
[Site "Kudowa-Zdroj"]
[Date "1899-12-30"]
[Round "6.17"]
[White "Raczykowska, Paulina"]
[Black "Mazanowska, Aniela"]
[Result "1-0"]
[WhiteTitle "k"]
[BlackTitle "II"]
[WhiteElo "1890"]
[BlackElo "1313"]

1. e4 e5 2. Nf3 Nf6 3. Nc3 Nc6 4. d4 exd4 5. Nxd4 Nxd4 6. Qxd4 d6 7. Bc4 Be7 8.
O-O O-O 9. h3 Be6 10. Be3 c6 11. Rad1 b5 12. Bxe6 fxe6 13. e5 Nd5 14. exd6 Bxd6
15. Qg4 Qf6 16. Ne4 Qe5 17. Nxd6 Qxd6 18. Bc1 e5 19. c4 bxc4 20. Qxc4 Kh8 21.
Rd3 Rae8 22. b3 Rf6 23. Qe4 Qc5 24. Rg3 Qd4 25. Qg4 Rf7 26. Qh5 Ref8 27. Qg4 Nc3
28. Bb2 Qxg4 29. Rxg4 Ne2+ 30. Kh2 Nd4 31. Bxd4 exd4 32. Rxd4 h6 33. f3 Re8 34.
Rf2 Re1 35. Rc2 Ra1 36. Rd8+ Kh7 37. Rc8 Rf6 38. Ra8 Rf7 39. Rc8 Rf6 40. Rc7 a5
41. Ra7 Rf5 42. Ra6 Rd5 43. Raxc6 Rd4 44. Ra6 Rd5 45. h4 h5 46. Kg3 Rf5 47. Ra7
Kh6 48. Rc6+ Rf6 49. Rxf6+ gxf6 50. Rxa5 Kg6 51. a4 Rb1 52. Rb5 Kf7 53. a5 1-0

[Event "Druzynowe Mistrzostwa Polski Juniorow - I Liga 2018"]
[Site "Kudowa-Zdroj"]
[Date "1899-12-30"]
[Round "6.18"]
[White "Czarnecka, Lidia"]
[Black "Siekanska, Maria"]
[Result "1-0"]
[WhiteTitle "I++"]
[BlackTitle "I+"]
[WhiteElo "1767"]
[BlackElo "1306"]

1. e4 c5 2. Nf3 e6 3. d4 cxd4 4. Nxd4 Nf6 5. Nc3 d6 6. Be2 Be7 7. Be3 O-O 8. O-O
Nc6 9. Kh1 a6 10. a4 Qc7 11. f4 Nxd4 12. Bxd4 e5 13. Be3 exf4 14. Bxf4 Be6 15.
Qd2 Nd7 16. Rad1 Ne5 17. Qd4 Rfd8 18. Rd2 Bf6 19. Nd5 Bxd5 20. Qxd5 Rac8 21. b3
Qc6 22. Bxe5 Qxd5 23. Rxd5 Bxe5 24. Bc4 Rxc4 25. bxc4 Rc8 26. c5 Rxc5 27. Rxc5
dxc5 28. Rb1 b5 29. axb5 axb5 30. Rxb5 Bd6 31. Rb6 Bf8 32. Kg1 g6 33. Kf2 Kg7
34. Ke3 Kh6 35. Kf4 Kg7 36. Ke5 h5 37. c4 h4 38. Rc6 g5 39. Kd5 g4 40. h3 1-0

[Event "Druzynowe Mistrzostwa Polski Juniorow - I Liga 2018"]
[Site "Kudowa-Zdroj"]
[Date "1899-12-30"]
[Round "6.19"]
[White "Janiszewski, Filip"]
[Black "Golenia, Jan"]
[Result "1/2-1/2"]
[WhiteTitle "I++"]
[BlackTitle "I"]
[WhiteElo "1953"]
[BlackElo "1986"]

1. e4 e5 2. Nf3 Nc6 3. Bb5 a6 4. Ba4 Nf6 5. O-O Be7 6. Re1 b5 7. Bb3 O-O 8. c3
d5 9. exd5 Nxd5 10. Nxe5 Nxe5 11. Rxe5 c6 12. d4 Bd6 13. Re1 Qh4 14. g3 Qh3 15.
Be3 f5 16. Qf3 f4 17. Bxd5+ cxd5 18. Bxf4 Qf5 19. Nd2 Bxf4 20. Qxf4 Qxf4 21. gxf4
Ra7 22. Re5 Raf7 23. Rae1 Rxf4 24. f3 R4f6 25. Re8 Rg6+ 26. Kf2 Bh3 27. Rxf8+
Kxf8 28. Rg1 Rh6 29. Rg5 Be6 30. Kg3 Rh3+ 31. Kg2 Rh4 32. Nb3 Rh6 33. Nc5 Bf7
34. Kg3 Rd6 35. Nd3 a5 36. h4 g6 37. Re5 Rb6 38. Nc5 Rd6 39. a4 bxa4 40. Nxa4
Be8 41. Nc5 a4 42. Nd3 Bb5 43. Nb4 Bc4 44. Kg4 Kf7 45. Kg5 Rf6 46. f4 h6+ 47.
Kg4 Rd6 48. h5 gxh5+ 49. Kxh5 Rd8 50. Kxh6 Rh8+ 51. Kg5 Rg8+ 52. Kh4 Rg2 53. Nxd5
Rxb2 54. Nb4 a3 55. Ra5 a2 56. Kg5 Rb1 57. Rxa2 Bxa2 58. Nxa2 Rb3 59. c4 Rd3 60.
Nb4 Rxd4 61. Nc6 Rd1 62. Kf5 Rc1 63. Ne5+ Ke7 64. Ke4 Kd6 65. Kd4 Rd1+ 66. Nd3
Kc6 67. c5 Kb5 68. f5 Rxd3+ 69. Kxd3 Kxc5 70. Ke2 1/2-1/2

[Event "Druzynowe Mistrzostwa Polski Juniorow - I Liga 2018"]
[Site "Kudowa-Zdroj"]
[Date "1899-12-30"]
[Round "6.20"]
[White "Golenia, Wojciech"]
[Black "Dixa, Oskar"]
[Result "1/2-1/2"]
[WhiteTitle "I++"]
[BlackTitle "I++"]
[WhiteElo "1984"]
[BlackElo "1929"]

1. d4 Nf6 2. Bg5 d5 3. Bxf6 exf6 4. e3 Bf5 5. Bd3 Qd7 6. Ne2 Bd6 7. c4 c6 8. cxd5
Bb4+ 9. Nbc3 Bxc3+ 10. Nxc3 Bxd3 11. Qxd3 cxd5 12. O-O O-O 13. Rfc1 Nc6 14. Ne2
Rac8 15. Nf4 Ne7 16. Qd2 Ng6 17. Nd3 b6 18. h3 Nh4 19. Nf4 Ng6 20. Ne2 Nh4 21.
Qd1 Rfd8 22. Qb3 Nf5 23. a4 Ne7 24. Nf4 Nc6 25. Qb5 g6 26. Rc3 Ne7 27. Rxc8 Nxc8
28. Qb3 Ne7 29. Rc1 Kg7 30. Nd3 Rc8 31. Rc2 Rxc2 32. Qxc2 Qc6 33. Qxc6 Nxc6 34.
b4 a5 35. bxa5 bxa5 36. Nc5 Kf8 37. Kf1 Ke7 38. Ke2 f5 39. Nb3 Kd6 40. Kf3 g5
41. Nc5 h5 42. Nb3 f6 43. Ke2 Ke7 44. Nc5 Kd6 45. Kd2 Ke7 46. Kd3 Kd6 47. Nb3
Nb4+ 48. Kd2 Nc6 49. Kd3 Nb4+ 1/2-1/2

[Event "Druzynowe Mistrzostwa Polski Juniorow - I Liga 2018"]
[Site "Kudowa-Zdroj"]
[Date "1899-12-30"]
[Round "6.21"]
[White "Ochedzan, Tymon"]
[Black "Wrona, Florian"]
[Result "1-0"]
[WhiteTitle "CM"]
[BlackTitle "I"]
[WhiteElo "1874"]
[BlackElo "1660"]

1. e4 c5 2. Nf3 d6 3. d4 cxd4 4. Nxd4 Nf6 5. Nc3 g6 6. Be3 Bg7 7. f3 O-O 8. Qd2
Nc6 9. g4 Bd7 10. O-O-O Rc8 11. Kb1 Ne5 12. h4 h5 13. gxh5 Nxh5 14. f4 Ng4 15.
f5 Ng3 16. Rg1 Nxf1 17. Rdxf1 Nxe3 18. Qxe3 Qb6 19. f6 Bxf6 20. Rxf6 exf6 21.
Nd5 Qc5 22. Qh6 Qxd5 23. exd5 Rc7 24. h5 g5 25. Qxf6 Kh7 26. Qxg5 Rg8 27. Qxg8+
Kh6 28. Qh8# 1-0

[Event "Druzynowe Mistrzostwa Polski Juniorow - I Liga 2018"]
[Site "Kudowa-Zdroj"]
[Date "1899-12-30"]
[Round "6.22"]
[White "Knapik, Kamil"]
[Black "Skurniak, Szymon"]
[Result "1-0"]
[WhiteTitle "II"]
[BlackTitle "I"]
[WhiteElo "1479"]
[BlackElo "1729"]

1. d4 Nf6 2. Nf3 g6 3. e3 Bg7 4. Bd3 d5 5. c4 dxc4 6. Bxc4 O-O 7. Nc3 a6 8. a4
c5 9. O-O cxd4 10. exd4 b6 11. Re1 Bb7 12. Be3 e6 13. Qe2 Nc6 14. Rad1 Ne7 15.
Rc1 Ra7 16. Red1 Qa8 17. d5 Nexd5 18. Bxd5 Nxd5 19. Nxd5 Bxd5 20. Bxb6 Rb7 21.
a5 Rbb8 22. Rc7 Rbc8 23. Rdc1 Bxf3 24. gxf3 Rxc7 25. Rxc7 Qd5 26. Rc5 Qb3 27.
Rc2 Qa4 28. Kg2 h5 29. Rc4 Qb5 30. b4 Qg5+ 31. Kh1 Kh7 32. Rc5 Qf4 33. Rc4 Qg5
34. Rc5 Qf6 35. Rc4 Qf5 36. Rc5 Qb1+ 37. Kg2 Qxb4 38. Qxa6 Qd2 39. Rc7 Be5 40.
Be3 Qd8 41. Rc4 Qd5 42. Rc5 Qd6 43. Qxd6 Bxd6 44. Rc6 Bb4 45. a6 Ra8 46. a7 Ba5
47. Rc1 Kg7 48. Rb1 Bc7 49. Rb7 Bd6 50. Rd7 Bb4 51. Bb6 h4 52. Rd8 h3+ 53. Kxh3
Rxa7 54. Bxa7 e5 55. Kg3 1-0